|
|
|
|
| LEADER |
00678nam a22002172a 4500 |
| 001 |
001162856 |
| 003 |
CZ BrMZK |
| 005 |
20120214145042.0 |
| 007 |
ta |
| 008 |
110810s1974 gw er|||||||||||ger d |
| 040 |
|
|
|a BOA001
|b cze
|
| 100 |
1 |
|
|a Koppel, Helga
|4 dis
|
| 245 |
1 |
4 |
|a Die Entwicklung der KPI zur Massenpartei /
|c Helga Koppel
|
| 260 |
|
|
|a Marburg :
|b H. Koppel,
|c 1974
|
| 300 |
|
|
|a 236 s.
|
| 502 |
|
|
|a Disertace--Philipps-Universität Marburg, 1974
|
| 710 |
2 |
|
|a Philipps-Universität Marburg
|7 kn20010710538
|
| 910 |
|
|
|a BOA001
|b 2-0804.128
|
| 990 |
|
|
|a BK
|
| 991 |
|
|
|b 201108
|
| 996 |
7 |
|
|b 2619431997
|c 2-0804.128
|l MZK
|r Sklad / do 1 hodiny
|n 1
|w 001196132
|u 000010
|a 1
|e BOA001
|j MZK50
|s A
|